The Threepenny Review

محفوظ في:

التنسيق: دورية

اللغة: Undetermined

منشور في: JSTOR
Threepenny Review

الموضوعات:

الوصول للمادة أونلاين: Login to view Source

الوسوم: إضافة وسم

لا توجد وسوم, كن أول من يضع وسما على هذه التسجيلة!

رقم الطلب:

LEADER 00492nas a2200169Ia 4500
008 220214c99999999xx |||||||||||| ||und||
022 |a 0275-1410 
022 |a 2327-9613 
245 0 4 |a The Threepenny Review 
264 1 |b JSTOR 
264 1 |b Threepenny Review 
362 0 |a (1980)-(2019) 
653 1 0 |a Language & Literature 
856 4 0 |u https://www.jstor.org/journal/threrevi 
942 |c JL 
952 |0 0  |1 0  |4 0  |7 1  |9 37460  |a JSR  |b JSR  |d 2022-02-14  |l 0  |r 2022-02-14 00:00:00  |w 2022-02-14  |y JL 
999 |c 45791  |d 45791